[Event "Suedwestfalen-ch U16"]
[Site "Hagen"]
[Date "2002.03.26"]
[Round "5"]
[White "Corbett, Callum"]
[Black "Heubach, Markus"]
[Result "1/2-1/2"]
[WhiteElo "1508"]
[BlackElo "1252"]
[PlyCount "34"]
[EventDate "2002.03.??"]
[EventType "tourn"]
[EventRounds "7"]
[EventCountry "GER"]
[SourceTitle "EXT 2003"]
[Source "ChessBase"]
[SourceDate "2002.11.25"]
[SourceVersion "1"]
[SourceVersionDate "2002.11.25"]
[SourceQuality "1"]

1. d4 Nf6 2. c4 g6 3. Nc3 Bg7 4. e4 d6 5. Be3 0-0 6. h3 Nfd7 7. g4 e5 8. d5 Qe7 9. h4 h6 10. Qd2 Kh7 11. h5 g5 12. b4 b6 13. a4 Na6 14. Rb1 Bb7 15. b5 Nac5 16. f3 f6 17. Nh3 Qd8 1/2-1/2